Quince autocomentarios
Guardat en:
| Autor principal: | |
|---|---|
| Format: | Llibre |
| Idioma: | espanyol |
| Publicat: |
Santiago
LOM
2008
|
| Edició: | 1a. ed |
| Col·lecció: | Colección Texto sobre Texto
|
| Matèries: | |
| Etiquetes: |
Afegir etiqueta
Sense etiquetes, Sigues el primer a etiquetar aquest registre!
|
MARC
| LEADER | 00000nam a2200000 a 4500 | ||
|---|---|---|---|
| 001 | UCI7290 | ||
| 003 | CL-VaPUC | ||
| 008 | 080619e20080000CL |||||||||||||||||spa|d | ||
| 020 | |a 9789562829748 | ||
| 082 | 0 | 4 | |a Ch861 |b ROS |2 21 |
| 100 | 0 | |a Rosenmann-Taub, David |e author |9 530470 | |
| 245 | 1 | 0 | |a Quince autocomentarios |
| 250 | |a 1a. ed | ||
| 300 | |a 251 p | ||
| 942 | |c BK | ||
| 945 | |d 20080619 00:00:00 |a jtorresc | ||
| 260 | |a Santiago |b LOM |c 2008 | ||
| 500 | |a Contiene un Cd-rom | ||
| 650 | 0 | |a Poesías chilenas |9 265280 | |
| 650 | 0 | |a Literatura chilena |9 308278 | |
| 583 | |a last modification |c 20080619 00:00:00 |k Rodrigo Vera | ||
| 490 | 0 | |a Colección Texto sobre Texto | |
| 999 | |c 330613 |d 330611 | ||
| 952 | |0 0 |1 0 |4 0 |6 CH_861_000000000000000_ROS_2008 |7 0 |8 A |9 416243 |a BIBART |b BIBART |d 2019-11-22 |i 4450906 |o Ch861 ROS 2008 |p 4450906 |r 2025-03-13 |w 2019-11-22 |y BK |k ART | ||
| 952 | |0 0 |1 0 |4 0 |6 CH_861_000000000000000_ROS_2008 |7 0 |8 A |9 416244 |a BIBEDU |b BIBEDU |d 2019-11-22 |i 448200K |o Ch861 ROS 2008 |p 448200K |r 2019-11-22 |w 2019-11-22 |y BK |k LIT | ||